Heart disease in the Tropics /

Heart Disease in the Tropics indicates features in cardio-vascular diseases induced by tropical conditions and by diseases peculiar to the tropics. The book provides chapters that discuss the incidence of heart disease in the tropics; the cardio-vascular phenomena in tropical conditions; the cardiac...

Full description

Bibliographic Details
Main Author: Gunewardene, H. O. (Author)
Corporate Author: ScienceDirect (Online service)
Format: eBook
Language:English
Published: Calcutta : Butterworth & Co. (India) Ltd., 1935.
Subjects:
Online Access:Connect to the full text of this electronic book

MARC

Tag First Indicator Second Indicator Subfields
LEADER 00000cam a2200000 i 4500
001 in00005756040
005 20260326210321.0
006 m o d
007 cr cnu---unuuu
008 140926s1935 ii o 001 0 eng d
040 |a OPELS  |b eng  |e rda  |e pn  |c OPELS  |d N$T  |d E7B  |d OCLCF  |d YDXCP  |d VLY  |d YDXIT  |d OCLCQ  |d OCLCO  |d OCLCQ  |d OCLCO  |d OCLCL 
019 |a 902308638 
020 |a 9781483195117  |q (electronic bk.) 
020 |a 1483195112  |q (electronic bk.) 
020 |z 9781483167633 
035 |a (OCoLC)891384299  |z (OCoLC)902308638 
050 4 |a RC681  |b .G86 1935 
072 7 |a HEA  |x 039000  |2 bisacsh 
072 7 |a MED  |x 014000  |2 bisacsh 
072 7 |a MED  |x 022000  |2 bisacsh 
072 7 |a MED  |x 112000  |2 bisacsh 
072 7 |a MED  |x 045000  |2 bisacsh 
082 0 4 |a 616.1/2  |2 23 
049 |a TXAM 
100 1 |a Gunewardene, H. O.,  |e author. 
245 1 0 |a Heart disease in the Tropics /  |c by H.O. Gunewardene. 
264 1 |a Calcutta :  |b Butterworth & Co. (India) Ltd.,  |c 1935. 
300 |a 1 online resource 
336 |a text  |b txt  |2 rdacontent 
337 |a computer  |b c  |2 rdamedia 
338 |a online resource  |b cr  |2 rdacarrier 
500 |a Includes index. 
505 0 |a Front Cover; Heart Disease in the Tropics; Copyright Page; DEDICATION; PREFACE; Table of Contents; CHAPTER 1. THE INCIDENCE OF HEART DISEASE IN THE TROPICS.; CHAPTER 2. THE CARDIO-VASCULAR PHENOMENA IN TROPICAL CONDITIONS.; CHAPTER 3. THE CARDIAC COMPLICATIONS OF ANKYLOSTOMA INFECTION WITH SPECIAL REFERENCE TO A PRESYSTOLIC MURMUR OCCURRING IN THESE CASES; CHAPTER 4. RHEUMATIC HEART DISEASE, DIABETES, DIPHTHERIA, AND SYPHILIS; SECTION 1. RHEUMATIC HEART DISEASE; SECTION 2. DIABETES; SECTION 3. DIPHTHERIA; SECTION 4. SYPHILIS; CHAPTER 5. HIGH BLOOD PRESSURE.; HOW TO DETERMINE BLOOD PRESSURE 
505 8 |a CLINICAL TYPESETIOLOGY; THE ETIOLOGY OF HIGH BLOOD PRESSURE; CHAPTER 6. SOME SIGNS AND SYMPTOMS; 1. ŒDEMA OF THE LEGS (ANKLES); 2. BREATHLESSNESS; CHAPTER 7. SOME THERAPEUTIC CONSIDERATIONS; SECTION 1. THE DIGITALIS GROUP; SECTION 2. OXYGEN AND POTASSIUM IODIDE; SECTION 3. THE HILLS; INDEX 
520 |a Heart Disease in the Tropics indicates features in cardio-vascular diseases induced by tropical conditions and by diseases peculiar to the tropics. The book provides chapters that discuss the incidence of heart disease in the tropics; the cardio-vascular phenomena in tropical conditions; the cardiac complications of ankylostoma infection, rheumatic heart disease, diabetes, diphtheria, syphilis, and high blood pressure; and signs and symptoms of cardio-vascular diseases and therapeutic considerations. Cardiologists, physicians, and medical researchers will find the text insightful. 
588 0 |a Online resource; title from digital title page (viewed on October 19, 2020). 
650 0 |a Heart  |x Diseases. 
650 0 |a Tropical medicine. 
650 2 |a Heart Diseases 
650 2 |a Tropical Medicine 
650 6 |a Cœur  |x Maladies. 
650 6 |a Médecine tropicale. 
650 7 |a HEALTH & FITNESS  |x Diseases  |x General.  |2 bisacsh 
650 7 |a MEDICAL  |x Clinical Medicine.  |2 bisacsh 
650 7 |a MEDICAL  |x Diseases.  |2 bisacsh 
650 7 |a MEDICAL  |x Evidence-Based Medicine.  |2 bisacsh 
650 7 |a MEDICAL  |x Internal Medicine.  |2 bisacsh 
650 7 |a Heart  |x Diseases  |2 fast 
650 7 |a Tropical medicine  |2 fast 
655 7 |a Electronic books.  |2 local 
710 2 |a ScienceDirect (Online service) 
758 |i has work:  |a Heart disease in the tropics (Text)  |1 https://id.oclc.org/worldcat/entity/E39PCGd4mB3BMh6fhXY4J6kggC  |4 https://id.oclc.org/worldcat/ontology/hasWork 
856 4 0 |u http://proxy.library.tamu.edu/login?url=https://www.sciencedirect.com/science/book/9781483167633  |z Connect to the full text of this electronic book  |t 0 
955 |a Elsevier ScienceDirect 2026-2027 
994 |a 92  |b TXA 
999 f f |i 728817ed-bb3e-4688-a93b-94592ef599eb  |s 4e44a7cf-b0e4-4f9d-bfbb-7b7e99a78fbf  |t 0 
952 f f |a Texas A&M University  |b College Station  |c Electronic Resources  |s www_evans  |d Available Online  |t 0  |e RC681 .G86 1935  |h Library of Congress classification 
998 f f |a RC681 .G86 1935  |t 0  |l Available Online